Primeira aventura no país do João (Registo nº 3820)

Detalhes MARC
000 -Etiqueta do registo
Cabeçalho 00690n a2200217 4500
005 - Identificador da versão
Campo de controlo 20240813122045.0
095 ## -
-- PTBN00075641
100 ## - Dados gerais de processamento
Dados gerais de processamento 20100519d1977 c a0pory5003 ba
102 ## - Pais de publicação ou produção
País de publicação Portugal
101 0# - Língua de publicação
Língua do texto, banda sonora, etc. Português
215 ## - Descrição física 
Indicação específica da natureza do documento e extensão da espécie 60, [1] p.
Outras indicações físicas il. color.
Dimensões 30 cm
200 1# - Titulo e menção de responsabilidade
Título próprio Primeira aventura no país do João
Primeira menção de responsabilidade Maria A. Menéres
210 ## - Publicação, Distribuição, etc. 
Lugar da edição, distribuição, etc. [Lisboa]
Nome do editor, distribuidor, etc. Comissão Organizadora do Dia de Camões e das Comunidades Portuguesas
Data da publicação, distribuição, etc. 1977
606 ## - Nome comum usado como assunto
Número de registo de entrada de autoridade 0000060
Palavra de ordem Literatura portuguesa
Subdivisão de assunto Banda desenhada|2CA
675 ## - Classificação Decimal Universal (CDU)
Notação 821.134.3(084.11)
Edição 3ª ed.
Língua da edição por
700 #1 - Nome de autor-pessoa física (responsabilidade principal)
Número de registo de entrada de autoridade 0000051
Palavra de ordem Menéres
Outra parte do nome não tomada para palavra de ordem Maria Alberta
Datas 1930-
942 ## - Elementos de entrada adicionados (Koha)
Tipo de item no Koha Livro
Exemplares
Situação do levantamento Origin of item (home branch) (coded) Biblioteca de empréstimo Código de barras Cota Circulation type (not for loan) Tipo de documento Nota do exemplar Damaged status
  Biblioteca Escolar das Vendas Biblioteca Escolar das Vendas BEV568 8BD MEN   Livro Sem mensagem